Detalles MARC
| 000 -ENCABEZADO |
| Número de control [NR] |
02081nam a2200433Ia 4500 |
| 005 - FECHA Y HORA DE LA ÚLTIMA TRANSACCIÓN |
| control field |
20211105120419.0 |
| 008 - DE LONGITUD FIJA DE DATOS DE ELEMENTOS - INFORMACIÓN GENERAL |
| Elementos de longitud fija [NR] |
130821s2017 at ad fr 1 spa |
| 020 ## - NUMERO INTERNACIONAL NORMALIZADO PARA LIBROS [R] |
| Número Internacional Normalizado del libro [NR] |
9706866388 (5a.Ed) |
| 020 ## - NUMERO INTERNACIONAL NORMALIZADO PARA LIBROS [R] |
| ISBN Cancelado/ Invalidado [R] |
9780840068071 (6a.Ed) |
| 020 ## - NUMERO INTERNACIONAL NORMALIZADO PARA LIBROS [R] |
| Número Internacional Normalizado del libro [NR] |
9786074817775 (6a.Ed) |
| 020 ## - NUMERO INTERNACIONAL NORMALIZADO PARA LIBROS [R] |
| Número Internacional Normalizado del libro [NR] |
9786075262758 (7a.Ed.) |
| 040 ## - FUENTE DE CATALOGACION [NR] |
| Agencia de catalogación original [NR] |
Co-BoUCM |
| Idioma de catalogación [NR] |
spa |
| Quien Cataloga |
Saul Niño (Modificó) |
| Quien Clasifica |
Aldemar Mondragón (modificó) |
| 041 10 - CODIGO DE IDIOMA [R] |
| Código de idioma para texto/pista de sonido o título separado [R] |
Español |
| Language code of original and/or intermediate translations of text |
eng |
| 100 1# - ASIENTO PRINCIPAL--NOMBRE PERSONAL [NR] |
| Nombre personal [NR] |
Stewart, James |
| ID Autoridad |
45545 |
| 245 10 - MENCION DE TITULO [NR] |
| Título [NR] |
Precálculo |
| Parte restante del título [NR] |
matemáticas para el cálculo |
| Mención de responsabilidad, etc. [NR] |
James Stewart, Lothar Redlin, Saleem Watson ; traducción Jorge Humberto Romo Muñoz ; revisión técnica Ernesto Filio López, Manuel Robles Bernal |
| 246 ## - FORMA VARIANTE DEL TITULO [R] |
| Título propiamente dicho/forma breve del título [NR] |
[Pre cálculo] |
| 250 ## - MENCION DE EDICION [NR] |
| Mención de edición [NR] |
Séptima edición |
| 260 ## - PUBLICACION, DISTRIBUCION, ETC. (PIE DE IMPRENTA) [R] |
| Lugar de publicación, distribución, etc. [R] |
Sídney (Australia) |
| -- |
México D.F. (México) |
| Nombre del editor, distribuidor, etc. [R] |
Cengage Learning |
| Fecha de publicación, distribución, etc. [R] |
2017 |
| 300 ## - DESCRIPCION FISICA [R] |
| Extensión [R] |
xx, 947 páginas |
| Otros detalles físicos [NR] |
ilustraciones, cuadros, gráficas |
| 500 ## - NOTA GENERAL [R] |
| Nota general [NR] |
Incluye índice |
| 650 07 - ASIENTO SECUNDARIO DE MATERIA - TERMINO TEMATICO [R] |
| Término temático o nombre geográfico como elemento de entrada [NR] |
Análisis matemático |
| 9 (RLIN) |
9008 |
| 650 07 - ASIENTO SECUNDARIO DE MATERIA - TERMINO TEMATICO [R] |
| Término temático o nombre geográfico como elemento de entrada [NR] |
Cálculo |
| 9 (RLIN) |
10288 |
| 650 07 - ASIENTO SECUNDARIO DE MATERIA - TERMINO TEMATICO [R] |
| Término temático o nombre geográfico como elemento de entrada [NR] |
Ecuaciones |
| 9 (RLIN) |
13733 |
| 650 07 - ASIENTO SECUNDARIO DE MATERIA - TERMINO TEMATICO [R] |
| Término temático o nombre geográfico como elemento de entrada [NR] |
Funciones |
| 9 (RLIN) |
16196 |
| 650 07 - ASIENTO SECUNDARIO DE MATERIA - TERMINO TEMATICO [R] |
| Término temático o nombre geográfico como elemento de entrada [NR] |
Geometría |
| 9 (RLIN) |
16369 |
| 650 07 - ASIENTO SECUNDARIO DE MATERIA - TERMINO TEMATICO [R] |
| Término temático o nombre geográfico como elemento de entrada [NR] |
Matemáticas |
| 9 (RLIN) |
19031 |
| 650 07 - ASIENTO SECUNDARIO DE MATERIA - TERMINO TEMATICO [R] |
| Término temático o nombre geográfico como elemento de entrada [NR] |
Sucesiones (Matemáticas) |
| 9 (RLIN) |
24916 |
| 650 07 - ASIENTO SECUNDARIO DE MATERIA - TERMINO TEMATICO [R] |
| Término temático o nombre geográfico como elemento de entrada [NR] |
Trigonometría |
| 9 (RLIN) |
25893 |
| 690 ## - ASUNTO AGREGADO LOCAL DE ENTRADA - TÉRMINO TEMÁTICO (OCLC, RLIN) |
| Acceso temático local |
Matemáticas |
| 9 (RLIN) |
19031 |
| 700 1# - ASIENTO SECUNDARIO - NOMBRE PERSONAL [R] |
| Nombre personal [NR] |
Redlin, Lothar |
| 9 (RLIN) |
45546 |
| 700 1# - ASIENTO SECUNDARIO - NOMBRE PERSONAL [R] |
| Nombre personal [NR] |
Watson, Saleem |
| 9 (RLIN) |
45547 |
| 700 1# - ASIENTO SECUNDARIO - NOMBRE PERSONAL [R] |
| Nombre personal [NR] |
León Cárdenas, Javier |
| Término de relación [R] |
traductor |
| 9 (RLIN) |
29032 |
| 700 1# - ASIENTO SECUNDARIO - NOMBRE PERSONAL [R] |
| Nombre personal [NR] |
García Hernández, Elizabeth |
| 9 (RLIN) |
86548 |
| 765 0# - ASIENTO DE IDIOMA ORIGINAL [R] |
| Título [NR] |
Precalculus. Mathematics for calculus |
| 775 ## - ASIENTO DE OTRA EDICION [R] |
| Asiento principal [NR] |
Precálculo: matemáticas para el cálculo |
| Texto del despliegue [NR] |
James Stewart, Lothar Redlin, Saleem Watson ; traducción Jorge Humberto Romo Muñoz ; revisión técnica Ernesto Filio López, Manuel Robles Bernal |
| Edición [NR] |
6a. ed |
| 856 ## - LOCALIZACION Y ACCESO ELECTRONICOS [R] |
| Identificador Uniforme del Recurso (“URI”) [R] |
<a href="http://ez.urosario.edu.co/login?url=http://crai-recursos.urosario.edu.co/valida/index2.php?correo=^u&url=http://latam-cm.cengage.com/moodle/course/view.php?id=25&cadena=UHJlY8OhbGN1bG8gbWF0ZW3DoXRpY2FzIHx3ZWJpYmxpb3RlY2FAdXJvc2FyaW8uZWR1LmNvfENyQGkyMDE3">http://ez.urosario.edu.co/login?url=http://crai-recursos.urosario.edu.co/valida/index2.php?correo=^u&url=http://latam-cm.cengage.com/moodle/course/view.php?id=25&cadena=UHJlY8OhbGN1bG8gbWF0ZW3DoXRpY2FzIHx3ZWJpYmxpb3RlY2FAdXJvc2FyaW8uZWR1LmNvfENyQGkyMDE3</a> |
| Nota dirigida al público [R] |
Material complementario |
| 942 ## - ELEMENTOS DE ENTRADA AGREGADOS (KOHA) |
| Sistema de clasificación |
DEWEY |
| Tipo de ítem principal el descrito en 300a |
Libro |
| Tema principal |
Ciencias puras |
| Edición |
7 |
| Parte restante de la signatura top. |
S849p |
| Clasificación |
515.1 |
| Título oculto en OPAC |
No |